[Event "George Trundle Qualifiers"]
[Site "Auckland"]
[Date "2016.07.09"]
[Round "1.1"]
[White "Ang, Alphaeus Wei Ern"]
[Black "Nyberg, Michael"]
[Result "1-0"]
[LiveChessVersion "1.4.8"]
[BlackElo "1930"]
[WhiteElo "2087"]

1. d4 {[%clk 1:30:58]} d5 {[%clk 1:30:38]} 2. c4 {[%clk 1:31:21]} c6
{[%clk 1:30:49]} 3. Nc3 {[%clk 1:31:45]} Nf6 {[%clk 1:30:25]} 4. Nf3
{[%clk 1:32:09]} g6 {[%clk 1:28:48]} 5. e3 {[%clk 1:26:27]} Bg7 {[%clk 1:24:34]}
6. Bd3 {[%clk 1:25:36]} Nbd7 {[%clk 1:22:30]} 7. O-O {[%clk 1:25:15]} O-O
{[%clk 1:21:04]} 8. b3 {[%clk 1:16:03]} Re8 {[%clk 1:12:10]} 9. Ne5
{[%clk 1:09:44]} Nxe5 {[%clk 0:55:59]} 10. dxe5 {[%clk 1:10:09]} Ne4
{[%clk 0:55:12]} 11. Nxe4 {[%clk 1:06:14]} Bxe5 {[%clk 0:53:28]} 12. Rb1
{[%clk 1:06:00]} dxe4 {[%clk 0:53:22]} 13. Bxe4 {[%clk 1:06:19]} Qa5
{[%clk 0:53:10]} 14. Qc2 {[%clk 1:03:16]} Qc7 {[%clk 0:46:46]} 15. f4
{[%clk 1:02:41]} Bg7 {[%clk 0:45:41]} 16. Bb2 {[%clk 1:01:39]} Bxb2
{[%clk 0:39:45]} 17. Qxb2 {[%clk 1:02:02]} f5 {[%clk 0:39:26]} 18. Bf3
{[%clk 1:01:16]} e5 {[%clk 0:39:42]} 19. Rbd1 {[%clk 0:59:05]} Qb6
{[%clk 0:37:55]} 20. Qc3 {[%clk 0:54:16]} exf4 {[%clk 0:27:14]} 21. c5
{[%clk 0:54:36]} Qc7 {[%clk 0:23:28]} 22. exf4 {[%clk 0:54:30]} Be6
{[%clk 0:23:47]} 23. Rd6 {[%clk 0:50:38]} Qf7 {[%clk 0:19:05]} 24. Rfd1
{[%clk 0:48:43]} a5 {[%clk 0:19:02]} 25. h4 {[%clk 0:31:20]} a4 {[%clk 0:17:23]}
26. h5 {[%clk 0:25:49]} axb3 {[%clk 0:16:55]} 27. hxg6 {[%clk 0:25:58]} hxg6
{[%clk 0:17:07]} 28. axb3 {[%clk 0:26:05]} Ra3 {[%clk 0:15:47]} 29. Rb1
{[%clk 0:16:41]} Rea8 {[%clk 0:08:49]} 30. Rbd1 {[%clk 0:06:17]} Re8
{[%clk 0:08:42]} 31. Rd8 {[%clk 0:05:50]} Ra8 {[%clk 0:05:35]} 32. Rxa8
{[%clk 0:04:59]} Rxa8 {[%clk 0:06:03]} 33. b4 {[%clk 0:05:15]} Qg7
{[%clk 0:05:11]} 34. Qxg7+ {[%clk 0:04:10]} Kxg7 {[%clk 0:04:40]} 35. b5
{[%clk 0:04:26]} Ra4 {[%clk 0:02:25]} 36. bxc6 {[%clk 0:02:37]} bxc6
{[%clk 0:02:44]} 37. g3 {[%clk 0:01:23]} Ra3 {[%clk 0:01:29]} 38. Kf2
{[%clk 0:01:26]} Kf6 {[%clk 0:01:24]} 39. Bxc6 {[%clk 0:00:40]} Rc3
{[%clk 0:01:20]} 40. Rd6 {[%clk 0:30:48]} Rc2+ {[%clk 0:30:38]} 41. Ke3
{[%clk 0:24:38]} Ke7 {[%clk 0:23:54]} 42. Bd5 {[%clk 0:22:39]} Bd7
{[%clk 0:22:19]} 43. Rxg6 {[%clk 0:22:38]} Rxc5 {[%clk 0:22:36]} 44. Kd4
{[%clk 0:20:20]} Ra5 {[%clk 0:19:48]} 45. Ke5 {[%clk 0:16:42]} Ra3
{[%clk 0:13:19]} 46. Rg7+ {[%clk 0:15:49]} Kd8 {[%clk 0:13:41]} 47. Bc4
{[%clk 0:10:33]} Ra1 {[%clk 0:06:31]} 48. Kd6 {[%clk 0:09:41]} Rd1+
{[%clk 0:04:03]} 49. Bd5 {[%clk 0:10:05]} Bb5 {[%clk 0:00:35]} 50. Ra7
{[%clk 0:10:00]} Rc1 {[%clk 0:00:39]} 51. Ra8+ {[%clk 0:09:50]} Rc8
{[%clk 0:01:07]} 52. Rxc8+ {[%clk 0:10:08]} Kxc8 {[%clk 0:01:36]} 53. Be6+
{[%clk 0:10:25]} Kd8 {[%clk 0:02:00]} 54. Bxf5 {[%clk 0:10:49]} Ke8
{[%clk 0:02:26]} 55. Ke6 {[%clk 0:10:31]} Kf8 {[%clk 0:02:48]} 56. Kf6
{[%clk 0:10:57]} Kg8 {[%clk 0:02:40]} 57. g4 {[%clk 0:11:22]} Be2
{[%clk 0:02:55]} 58. g5 {[%clk 0:11:43]} Bh5 {[%clk 0:03:03]} 59. g6
{[%clk 0:09:56]} 1-0

[Event "George Trundle Qualifiers"]
[Site "Auckland"]
[Date "2016.07.09"]
[Round "1.2"]
[White "Fan, Allen Chi Zhou"]
[Black "Gibbons, Robert E"]
[Result "0-1"]
[LiveChessVersion "1.4.8"]
[BlackElo "2008"]
[WhiteElo "1843"]

1. Nf3 {[%clk 1:30:57]} Nf6 {[%clk 1:30:12]} 2. c4 {[%clk 1:31:21]} c5
{[%clk 1:30:20]} 3. g3 {[%clk 1:31:44]} Nc6 {[%clk 1:30:31]} 4. d4
{[%clk 1:32:00]} cxd4 {[%clk 1:30:24]} 5. Nxd4 {[%clk 1:32:22]} d6
{[%clk 1:30:29]} 6. Bg2 {[%clk 1:32:42]} Bd7 {[%clk 1:30:45]} 7. O-O
{[%clk 1:32:41]} g6 {[%clk 1:31:01]} 8. b3 {[%clk 1:31:04]} Bg7 {[%clk 1:30:54]}
9. Bb2 {[%clk 1:31:23]} O-O {[%clk 1:30:57]} 10. h3 {[%clk 1:17:30]} Qb6
{[%clk 1:27:20]} 11. Nc2 {[%clk 1:11:47]} a5 {[%clk 1:20:08]} 12. Nc3
{[%clk 1:10:03]} a4 {[%clk 1:17:32]} 13. Ne3 {[%clk 1:01:15]} axb3
{[%clk 1:14:40]} 14. Ned5 {[%clk 0:59:32]} Qd8 {[%clk 1:10:20]} 15. axb3
{[%clk 0:59:07]} Nxd5 {[%clk 1:04:00]} 16. Qxd5 {[%clk 0:58:26]} Qb6
{[%clk 0:59:28]} 17. Qd1 {[%clk 0:54:17]} Rxa1 {[%clk 0:53:04]} 18. Bxa1
{[%clk 0:54:22]} Ra8 {[%clk 0:47:59]} 19. Nd5 {[%clk 0:51:57]} Qa5
{[%clk 0:44:12]} 20. Bxg7 {[%clk 0:51:19]} Kxg7 {[%clk 0:44:41]} 21. Nxe7
{[%clk 0:48:30]} Nxe7 {[%clk 0:43:03]} 22. Qxd6 {[%clk 0:48:35]} Bc6
{[%clk 0:42:53]} 23. Qxe7 {[%clk 0:47:58]} Re8 {[%clk 0:42:55]} 24. Qd6
{[%clk 0:47:41]} Bxg2 {[%clk 0:42:41]} 25. Kxg2 {[%clk 0:47:46]} Rxe2
{[%clk 0:42:48]} 26. b4 {[%clk 0:47:27]} Qa2 {[%clk 0:39:01]} 27. Qd4+
{[%clk 0:47:11]} Kg8 {[%clk 0:38:56]} 28. Qc5 {[%clk 0:44:14]} Qc2
{[%clk 0:34:07]} 29. Ra1 {[%clk 0:36:55]} Qe4+ {[%clk 0:32:18]} 30. Kh2
{[%clk 0:34:17]} h5 {[%clk 0:29:02]} 31. Rc1 {[%clk 0:31:35]} h4 {[%clk 0:26:52]}
32. gxh4 {[%clk 0:29:28]} Qf4+ {[%clk 0:26:57]} 33. Kg2 {[%clk 0:29:42]} Qxc1
{[%clk 0:27:22]} 34. h5 {[%clk 0:26:08]} Qf4 {[%clk 0:25:03]} 35. hxg6
{[%clk 0:25:41]} Qe4+ {[%clk 0:25:23]} 36. Kh2 {[%clk 0:25:41]} Qxg6
{[%clk 0:25:05]} 37. b5 {[%clk 0:25:18]} Re1 {[%clk 0:24:11]} 38. h4
{[%clk 0:23:43]} Re4 {[%clk 0:22:42]} 39. Kh3 {[%clk 0:22:47]} Qg4+
{[%clk 0:22:37]} 40. Kh2 {[%clk 0:53:10]} Qxh4+ {[%clk 0:52:38]} 41. Kg2
{[%clk 0:53:11]} Rxc4 {[%clk 0:50:59]} 42. Qd6 {[%clk 0:52:50]} Qe4+
{[%clk 0:49:56]} 43. Kg3 {[%clk 0:52:54]} Qg6+ {[%clk 0:50:05]} 0-1

[Event "George Trundle Qualifiers"]
[Site "Auckland"]
[Date "2016.07.09"]
[Round "1.3"]
[White "Bennett, Hilton P"]
[Black "Macdonald, Paul"]
[Result "1-0"]
[LiveChessVersion "1.4.8"]
[BlackElo "1989"]
[WhiteElo "1977"]

1. e4 {[%clk 1:20:00]} d6 {[%clk 1:30:56]} 2. Nc3 {[%clk 1:20:04]} Nf6
{[%clk 1:31:11]} 3. f4 {[%clk 1:20:12]} d5 {[%clk 1:31:26]} 4. e5
{[%clk 1:18:06]} d4 {[%clk 1:31:45]} 5. exf6 {[%clk 1:16:16]} dxc3
{[%clk 1:32:06]} 6. fxg7 {[%clk 1:10:20]} cxd2+ {[%clk 1:32:21]} 7. Qxd2
{[%clk 1:10:43]} Qxd2+ {[%clk 1:22:42]} 8. Bxd2 {[%clk 1:10:26]} Bxg7
{[%clk 1:23:02]} 9. O-O-O {[%clk 1:10:20]} Nc6 {[%clk 1:14:47]} 10. Nf3
{[%clk 1:05:19]} O-O {[%clk 1:07:30]} 11. Bb5 {[%clk 0:57:05]} Bg4
{[%clk 1:01:14]} 12. Bxc6 {[%clk 0:54:29]} bxc6 {[%clk 1:01:36]} 13. Rhf1
{[%clk 0:50:38]} Rab8 {[%clk 1:01:16]} 14. c3 {[%clk 0:50:24]} Rfd8
{[%clk 0:56:37]} 15. h3 {[%clk 0:41:00]} Bf5 {[%clk 0:43:53]} 16. Rfe1
{[%clk 0:36:10]} Rd5 {[%clk 0:34:25]} 17. g4 {[%clk 0:31:25]} Bd3
{[%clk 0:27:27]} 18. Ne5 {[%clk 0:27:48]} Bxe5 {[%clk 0:25:47]} 19. Rxe5
{[%clk 0:27:45]} Rxe5 {[%clk 0:19:09]} 20. fxe5 {[%clk 0:28:08]} Rd8
{[%clk 0:11:10]} 21. Be3 {[%clk 0:26:38]} a6 {[%clk 0:11:07]} 22. b3
{[%clk 0:24:54]} Rd5 {[%clk 0:04:50]} 23. c4 {[%clk 0:24:36]} Rd7
{[%clk 0:05:19]} 24. Rd2 {[%clk 0:16:56]} Kf8 {[%clk 0:05:42]} 25. Kb2
{[%clk 0:09:05]} Ke8 {[%clk 0:04:42]} 26. Kc3 {[%clk 0:08:25]} Bf1
{[%clk 0:04:04]} 27. Rxd7 {[%clk 0:07:34]} Kxd7 {[%clk 0:04:32]} 28. h4
{[%clk 0:07:43]} Be2 {[%clk 0:04:10]} 29. g5 {[%clk 0:07:47]} Ke6
{[%clk 0:04:28]} 30. Bc5 {[%clk 0:05:15]} f5 {[%clk 0:03:30]} 31. exf6
{[%clk 0:05:21]} exf6 {[%clk 0:03:56]} 32. gxf6 {[%clk 0:05:30]} Kxf6
{[%clk 0:04:25]} 33. Kb4 {[%clk 0:05:16]} Bg4 {[%clk 0:04:43]} 34. Be3
{[%clk 0:04:35]} Ke5 {[%clk 0:04:26]} 35. Bg1 {[%clk 0:03:44]} Bc8
{[%clk 0:00:37]} 36. Bh2+ {[%clk 0:03:53]} Ke4 {[%clk 0:00:34]} 37. Kc5
{[%clk 0:03:42]} Bd7 {[%clk 0:00:33]} 38. Bxc7 {[%clk 0:03:53]} Kd3
{[%clk 0:00:38]} 39. a4 {[%clk 0:01:10]} Kc3 {[%clk 0:00:56]} 40. b4
{[%clk 0:31:13]} Be6 {[%clk 0:30:58]} 41. b5 {[%clk 0:24:12]} cxb5
{[%clk 0:29:37]} 42. cxb5 {[%clk 0:24:28]} axb5 {[%clk 0:24:55]} 43. axb5
{[%clk 0:24:39]} Bg4 {[%clk 0:24:25]} 44. Be5+ {[%clk 0:17:45]} Kd3
{[%clk 0:16:59]} 45. Kc6 {[%clk 0:17:11]} Ke4 {[%clk 0:14:30]} 46. Bd6
{[%clk 0:16:38]} Kf5 {[%clk 0:14:27]} 47. b6 {[%clk 0:15:43]} Ke6
{[%clk 0:14:30]} 48. Kc7 {[%clk 0:15:38]} Bf3 {[%clk 0:14:51]} 49. Bb4
{[%clk 0:15:05]} 1-0

[Event "George Trundle Qualifiers"]
[Site "Auckland"]
[Date "2016.07.09"]
[Round "1.4"]
[White "Duneas, John"]
[Black "Morrell, Gordon"]
[Result "1-0"]
[LiveChessVersion "1.4.8"]
[BlackElo "2077"]
[WhiteElo "2100"]

1. d4 {[%clk 1:30:57]} Nf6 {[%clk 1:30:53]} 2. c4 {[%clk 1:31:17]} e6
{[%clk 1:31:18]} 3. Nf3 {[%clk 1:31:38]} d5 {[%clk 1:31:42]} 4. Nc3
{[%clk 1:31:35]} Nbd7 {[%clk 1:31:52]} 5. Bg5 {[%clk 1:30:14]} h6
{[%clk 1:28:07]} 6. Bh4 {[%clk 1:30:34]} Be7 {[%clk 1:28:07]} 7. e3
{[%clk 1:29:37]} O-O {[%clk 1:25:38]} 8. Bd3 {[%clk 1:29:51]} dxc4
{[%clk 1:25:20]} 9. Bxc4 {[%clk 1:30:12]} c5 {[%clk 1:25:42]} 10. O-O
{[%clk 1:29:50]} a6 {[%clk 1:19:33]} 11. Bb3 {[%clk 1:21:47]} cxd4
{[%clk 1:14:04]} 12. exd4 {[%clk 1:21:34]} Nb6 {[%clk 1:01:24]} 13. Re1
{[%clk 1:14:47]} Nbd5 {[%clk 0:56:59]} 14. Ne5 {[%clk 1:14:03]} Nd7
{[%clk 0:35:09]} 15. Bxe7 {[%clk 1:12:14]} Nxe7 {[%clk 0:35:02]} 16. Nxf7
{[%clk 1:07:40]} Rxf7 {[%clk 0:32:20]} 17. Bxe6 {[%clk 1:07:30]} Nf6
{[%clk 0:31:36]} 18. Bxf7+ {[%clk 1:06:08]} Kxf7 {[%clk 0:32:00]} 19. Qb3+
{[%clk 1:01:36]} Kg6 {[%clk 0:30:12]} 20. d5 {[%clk 1:01:36]} Nf5
{[%clk 0:27:29]} 21. Rad1 {[%clk 0:53:32]} Nd6 {[%clk 0:27:35]} 22. Ne2
{[%clk 0:52:37]} Bd7 {[%clk 0:22:23]} 23. Qg3+ {[%clk 0:52:33]} Bg4
{[%clk 0:19:24]} 24. f3 {[%clk 0:45:46]} Qb6+ {[%clk 0:16:44]} 25. Kh1
{[%clk 0:45:21]} Kh7 {[%clk 0:08:03]} 26. Nd4 {[%clk 0:41:11]} Nf5
{[%clk 0:03:39]} 27. Nxf5 {[%clk 0:40:48]} Bxf5 {[%clk 0:04:04]} 28. Re7
{[%clk 0:40:15]} Rg8 {[%clk 0:04:20]} 29. Qe5 {[%clk 0:39:49]} Bc8
{[%clk 0:02:48]} 30. d6 {[%clk 0:39:03]} Qc6 {[%clk 0:01:39]} 31. Qxf6
{[%clk 0:38:22]} 1-0

[Event "George Trundle Qualifiers"]
[Site "Auckland"]
[Date "2016.07.09"]
[Round "1.5"]
[White "Milligan, Helen"]
[Black "Gong, Daniel Hanwen"]
[Result "1-0"]
[LiveChessVersion "1.4.8"]
[BlackElo "2042"]
[WhiteElo "2053"]

1. e4 {[%clk 1:30:57]} c5 {[%clk 1:30:55]} 2. Nf3 {[%clk 1:31:20]} e6
{[%clk 1:29:48]} 3. d4 {[%clk 1:31:44]} cxd4 {[%clk 1:30:16]} 4. Nxd4
{[%clk 1:32:08]} a6 {[%clk 1:29:30]} 5. Bd3 {[%clk 1:32:17]} Nf6 {[%clk 1:29:25]}
6. O-O {[%clk 1:31:47]} d6 {[%clk 1:29:14]} 7. c4 {[%clk 1:30:27]} Be7
{[%clk 1:29:25]} 8. Nc3 {[%clk 1:29:22]} Nbd7 {[%clk 1:29:31]} 9. Qe2
{[%clk 1:24:24]} Ne5 {[%clk 1:28:15]} 10. h3 {[%clk 1:20:16]} Qc7
{[%clk 1:27:16]} 11. Be3 {[%clk 1:17:58]} O-O {[%clk 1:26:29]} 12. Rac1
{[%clk 1:17:45]} Nxd3 {[%clk 1:26:26]} 13. Qxd3 {[%clk 1:18:05]} b6
{[%clk 1:25:07]} 14. b3 {[%clk 1:13:23]} Bb7 {[%clk 1:22:31]} 15. f4
{[%clk 1:10:23]} Nd7 {[%clk 1:15:25]} 16. f5 {[%clk 1:02:13]} Nc5
{[%clk 1:10:02]} 17. Qc2 {[%clk 1:01:03]} exf5 {[%clk 1:06:41]} 18. Rxf5
{[%clk 0:56:45]} g6 {[%clk 0:50:52]} 19. Rff1 {[%clk 0:52:53]} Rfe8
{[%clk 0:48:57]} 20. b4 {[%clk 0:45:40]} Nd7 {[%clk 0:48:28]} 21. Qf2
{[%clk 0:43:11]} Ne5 {[%clk 0:47:16]} 22. Nd5 {[%clk 0:42:20]} Qd8
{[%clk 0:44:54]} 23. Bh6 {[%clk 0:34:23]} Rc8 {[%clk 0:34:59]} 24. Rc3
{[%clk 0:22:50]} Bxd5 {[%clk 0:30:48]} 25. exd5 {[%clk 0:23:08]} Bf8
{[%clk 0:30:13]} 26. Nc6 {[%clk 0:20:23]} Qc7 {[%clk 0:26:52]} 27. Bxf8
{[%clk 0:20:12]} Rxf8 {[%clk 0:24:48]} 28. b5 {[%clk 0:19:09]} a5
{[%clk 0:17:05]} 29. Qf6 {[%clk 0:19:02]} Rce8 {[%clk 0:16:38]} 30. Rf4
{[%clk 0:15:09]} Qd7 {[%clk 0:09:51]} 31. Rg3 {[%clk 0:13:14]} Qc7
{[%clk 0:08:19]} 32. Rh4 {[%clk 0:13:01]} Nxc6 {[%clk 0:06:30]} 33. bxc6
{[%clk 0:13:01]} b5 {[%clk 0:06:24]} 34. Rb3 {[%clk 0:09:55]} b4 {[%clk 0:05:12]}
35. Kh2 {[%clk 0:07:59]} Re5 {[%clk 0:02:54]} 36. Rf4 {[%clk 0:07:55]} Re2
{[%clk 0:01:55]} 37. a3 {[%clk 0:05:56]} Rb8 {[%clk 0:01:20]} 38. axb4
{[%clk 0:05:45]} a4 {[%clk 0:00:54]} 39. Rb1 {[%clk 0:04:03]} a3 {[%clk 0:00:47]}
40. b5 {[%clk 0:34:08]} a2 {[%clk 0:30:40]} 41. Ra1 {[%clk 0:31:25]} Rf8
{[%clk 0:29:18]} 42. Rf2 {[%clk 0:30:41]} Re4 {[%clk 0:28:23]} 43. Rfxa2
{[%clk 0:29:58]} Ree8 {[%clk 0:28:06]} 44. Ra7 {[%clk 0:29:47]} Qb6
{[%clk 0:28:10]} 45. Rb7 {[%clk 0:29:39]} Qe3 {[%clk 0:28:12]} 46. Raa7
{[%clk 0:27:30]} Qe5+ {[%clk 0:27:55]} 47. Qxe5 {[%clk 0:27:54]} dxe5
{[%clk 0:28:22]} 48. Re7 {[%clk 0:27:45]} e4 {[%clk 0:28:45]} 49. d6
{[%clk 0:28:03]} e3 {[%clk 0:29:02]} 50. Rxe8 {[%clk 0:27:44]} Rxe8
{[%clk 0:29:07]} 51. d7 {[%clk 0:28:06]} 1-0